| 000 | 00333nam a22001337a 4500 | ||
|---|---|---|---|
| 003 | OSt | ||
| 008 | 250218b |||||||| |||| 00| 0 eng d | ||
| 041 | _aeng | ||
| 100 |
_aSupe, SV _96963 |
||
| 245 | _aIntroduction to Extension Education | ||
| 250 | _a2nd | ||
| 260 |
_aNew Delhi: _bOxford & IBH Publishing Co Ltd, _c1998. |
||
| 942 | _cBK | ||
| 999 |
_c19403 _d19403 |
||